000 00651nam a2200217 a 4500
001 000023127
005 20200930022015.0
008 101126s1993 fr r 000 0 spa d
020 _a2855664845
_z02904160
040 _aDO-SdBNP
_bspa
_cBNPHU
082 _axxxx
_bA311l
100 1 _aAivanhov, Omraam Mikhael
_qAïvanhov, omraam Mikhaël
_947614
245 1 3 _aEl libro de la magia divina /
_cOmraam Mikhaël Aïvanhov.
250 _a3a ed.
260 _aFréjus, Francia :
_bProsveta,
_c1993.
300 _a208 p. ;
_c18 cm.
490 1 _aIzvor ;
_v226
534 _aLe livre de la magie divine.
830 0 _aIzvor ;
_n226
_947615
049 _aBNGR
999 _c22624
_d22624